Responses for Show #2552 - Tuesday, October 10, 1995

Contestants

[<< previous game]

Don Mueller, a teacher from San Marcos, Texas

Joanne Timmins, a social worker from Ardsley, New York

Chuck Pitcock, a real estate attorney from Chesterland, Ohio (whose 1-day cash winnings total $11,000)

[next game >>]

Jeopardy! Round responses

HISTORY
HOBBIES & CRAFTS
ARIZONA
SILENT MOVIES
BANKRUPT
CROSSWORD CLUES "M"
    $100 8
Japan

Chuck
    $100 13
(Chuck: Uh, what is someone who collects [*]?)

recipes

Chuck
    $100 1
the Grand Canyon

Don
    $100 22
Tarzan

Don
    $100 7
(Alexander Graham) Bell

Chuck
    $100 2
May

Don
    $200 9
Mary, Queen of Scots

Joanne
    $200 26
amber

Joanne
    $200 14
saguaro

Don
    $200 23
Napoleon

Chuck
    $200 18
Orange

Chuck
    $200 3
Mindy

Don
    $300 10
Cook

Joanne
    $300 27
(Joanne: What are light bulbs?)
(Don: What are candles?)

matches

JoanneDon
Triple Stumper
    $300 15
Tombstone

Chuck
    $300 24
Charlie Chaplin

Chuck
    $300 19
Washington Irving

Don
    $300 4
moonshine

Chuck
    $400 11
South Korea

Joanne
    $400 28
angling

Don
    $300 16
Tucson

Chuck
    $400 25
D.W. Griffith

Joanne
    $400 20
Barnum

Chuck
    $400 5
a Minuteman

Don
    $500 12
(Joanne: What is Alexandria?)
(Chuck: What is Khartoum?)

Memphis

ChuckJoanne
Triple Stumper
    $500 29
genealogy

Don
    $500 17
Tempe

Chuck
    $500 30
(Joanne: What is Nosferatu?)

The Cabinet of Dr. Caligari

Joanne
Triple Stumper
    $500 21
Louis XVI

Chuck
    $500 6
Mondrian

Don

Scores at the first commercial break (after clue 15):

Chuck Joanne Don
$400 $400 $1,500

Scores at the end of the Jeopardy! Round:

Chuck Joanne Don
$2,800 $200 $2,500

Double Jeopardy! Round responses

SCIENCE
TRAVEL & TOURISM
FIRST LADIES
MUSICAL INSTRUMENTS
SOCIAL STUDIES
FICTION
    $200 13
a telescope

Don
    $200 8
Moscow

Don
    $200 26
(Hillary) Clinton

Joanne
    $200 6
bagpipes

Joanne
    $200 15
fireworks

Don
    $200 1
Doctor Zhivago

Don
    $400 14
the jet stream

Joanne
    $400 9
Spain

Don
    $400 27
Dolley Madison

Chuck
    $400 7
a guitar

Joanne
    $400 19
Sparta

Don
    $400 2
Clancy

Chuck
    $600 20
a wind tunnel

Don
    $600 10
John Brown

Chuck
    $600 28
Lucretia

Don
    $1,500 16
carillon

Don
    $600 23
Bede

Chuck
    $600 3
Ayn Rand

Joanne
    $800 21
(Don: What are quasars?)

nebulae

Don
Triple Stumper
    $800 11
David

Don
    $800 29
(Don: Who is Grover Cleveland?)

Frances Folsom

Don
Triple Stumper
    $800 17
harpsichord

Triple Stumper
    $800 24
the Dutch East India Trading Company

Chuck
    $800 4
(Chuck: Tai-Pan.)

Noble House

Chuck
Triple Stumper
    $1000 22
geosynchronous

Chuck
    $1000 12
Hamburg

Chuck
    $1,500 30
Teddy Roosevelt

Don
    $1000 18
India

Chuck
    $1000 25
Italy

Chuck
    $1000 5
The Shining

Chuck

Scores at the end of the Double Jeopardy! Round:

Chuck Joanne Don
$9,800 $2,000 $7,500

[wagering suggestions for these scores]

Final Jeopardy! Round responses

COMMEMORATIVE COINS
(Alex: She is a member of the Kennedy family; her name has become synonymous with the Special Olympics.)
JoanneWho is?
$100
DonWho is?
$3,499
ChuckWho is Rosylin Carter
$5,201
Eunice Kennedy Shriver

Final scores:

Chuck Joanne Don
$4,599 $1,900 $4,001
2-day champion: $15,599 3rd place: Tasco telescope + Jeopardy! by GameTek for the computer 2nd place: Gateway 2000 PC & Sanyo fax machine + Jeopardy! by GameTek for the computer

Game dynamics:

Coryat scores:

Chuck Joanne Don
$9,900 $2,000 $6,100
22 R
(including 1 DD),
2 W
10 R,
3 W
21 R
(including 2 DDs),
3 W

Combined Coryat: $18,000

[game clues] [game scores] [suggest correction]

Game tape date: Unknown
The J! Archive is created by fans, for fans. Scraping, republication, monetization, and malicious use prohibited; this site may use cookies and collect identifying information. See terms. The Jeopardy! game show and all elements thereof, including but not limited to copyright and trademark thereto, are the property of Jeopardy Productions, Inc. and are protected under law. This website is not affiliated with, sponsored by, or operated by Jeopardy Productions, Inc. Join the discussion at JBoard.tv.